Santana Albums Tile Select - Statistics

General Stats
  • This quiz has been taken 5 times
  • The average score is 27 of 45
Answer Stats
Question Tile Select % Correct
the following songs that are on Supernatural (1999). Put Your Lights On Yes
100%
the following songs that are on Santana (1971). Batuka Yes
80%
the following songs that are on Abraxas (1970). Black Magic Woman/Gypsy Queen Yes
80%
the following songs that are on Santana (1971). Everybody's Everything Yes
80%
the following songs that are on Abraxas (1970). Everything's Coming Our Way No
80%
the following songs that are on Supernatural (1999). Feels Like Fire No
80%
the following songs that are on Santana (1969). Incident at Neshabur No
80%
the following songs that are on Supernatural (1999). Maria Maria Yes
80%
the following songs that are on Supernatural (1999). Nothing at All No
80%
the following songs that are on Santana (1969). Samba Pa Ti No
80%
the following songs that are on Santana (1969). Se a Cabo No
80%
the following songs that are on Supernatural (1999). Smooth Yes
80%
the following songs that are on Santana (1969). Soul Sacrifice Yes
80%
the following songs that are on Supernatural (1999). The Game of Love No
80%
the following songs that are on Santana (1971). Toussaint L'Overture Yes
80%
the following songs that are on Santana (1971). Waiting No
80%
the following songs that are on Supernatural (1999). Why Don't You & I No
80%
the following songs that are on Supernatural (1999). Corazón Espinado Yes
60%
the following songs that are on Santana (1971). El Nicoya No
60%
the following songs that are on Santana (1969). Evil Ways Yes
60%
the following songs that are on Moonflower (1977). Gitano No
60%
the following songs that are on Moonflower (1977). I'll Be Waiting Yes
60%
the following songs that are on Santana (1969). Jingo Yes
60%
the following songs that are on Supernatural (1999). Just Feel Better No
60%
the following songs that are on Abraxas (1970). Oye Como Va Yes
60%
the following songs that are on Santana (1971). Savor No
60%
the following songs that are on Santana (1969). Shades of Time Yes
60%
the following songs that are on Abraxas (1970). Singing Winds, Crying Beasts Yes
60%
the following songs that are on Moonflower (1977). Winning No
60%
the following songs that are on Abraxas (1970). You Just Don't Care No
60%
the following songs that are on Moonflower (1977). El Morocco Yes
40%
the following songs that are on Santana (1971). Europa (Earth's Cry Heaven's Smile) No
40%
the following songs that are on Santana (1971). Guajira Yes
40%
the following songs that are on Abraxas (1970). Hope You're Feeling Better Yes
40%
the following songs that are on Abraxas (1970). Jungle Strut No
40%
the following songs that are on Moonflower (1977). Let It Shine No
40%
the following songs that are on Abraxas (1970). Nobody to Depend On No
40%
the following songs that are on Santana (1971). Para los Rumberos Yes
40%
the following songs that are on Santana (1969). Persuasion Yes
40%
the following songs that are on Moonflower (1977). She's Not There Yes
40%
the following songs that are on Santana (1969). Treat Yes
40%
the following songs that are on Moonflower (1977). You Know That I Love You No
40%
the following songs that are on Moonflower (1977). Zulu Yes
40%
the following songs that are on Moonflower (1977). Dawn/Go Within Yes
20%
the following songs that are on Abraxas (1970). Mother's Daughter Yes
20%
No matching quizzes found
Score Distribution
Percent of People with Each Score
Percentile by Number Answered
Your Score History
You have not taken this quiz